| 000 | 00395nam a2200145Ia 4500 | ||
|---|---|---|---|
| 008 | 230917s9999||||xx |||||||||||||| ||und|| | ||
| 040 |
_e196562 _aMAIN |
||
| 041 | _aEnglish | ||
| 082 | _a581.954 P966F | ||
| 100 | _aPullaiah, T | ||
| 245 | 0 | _aFlora of Eastern Ghats. V4- Stylidaceae to Plantaginaceae | |
| 260 |
_aNew Delhi _bRegency Publications _c2011 |
||
| 300 | _aix, 642 p. | ||
| 942 | _cBK | ||
| 999 |
_c159738 _d159738 |
||